Harriet tubman / (Record no. 3946)
[ view plain ]
| 000 -LEADER | |
|---|---|
| fixed length control field | 01240nam a22002657a 4500 |
| 001 - CONTROL NUMBER | |
| control field | 3946 |
| 003 - CONTROL NUMBER IDENTIFIER | |
| control field | FISKH |
| 005 - DATE AND TIME OF LATEST TRANSACTION | |
| control field | 20240529085319.0 |
| 008 - FIXED-LENGTH DATA ELEMENTS--GENERAL INFORMATION | |
| fixed length control field | 240527b cb ||||| |||| 00| 0 eng d |
| 020 ## - INTERNATIONAL STANDARD BOOK NUMBER | |
| International Standard Book Number | 9781591941019 |
| 040 ## - CATALOGING SOURCE | |
| Original cataloging agency | FISK |
| Language of cataloging | eng |
| Transcribing agency | FISK |
| Modifying agency | FISK |
| 050 ## - LIBRARY OF CONGRESS CALL NUMBER | |
| Classification number | E444.T82 |
| 082 ## - DEWEY DECIMAL CLASSIFICATION NUMBER | |
| Classification number | 920 |
| 100 ## - MAIN ENTRY--PERSONAL NAME | |
| Personal name | Savory Tanya |
| 245 ## - TITLE STATEMENT | |
| Title | Harriet tubman / |
| Statement of responsibility, etc. | by Tanya Savory |
| Remainder of title | Freedom leader |
| 260 ## - PUBLICATION, DISTRIBUTION, ETC. | |
| Place of publication, distribution, etc. | New York : |
| Name of publisher, distributor, etc. | The townsend library, |
| Date of publication, distribution, etc. | 2008 |
| 300 ## - PHYSICAL DESCRIPTION | |
| Extent | 119 pages : |
| Dimensions | 18 cm |
| 505 ## - FORMATTED CONTENTS NOTE | |
| Formatted contents note | M<br/> |
| 520 ## - SUMMARY, ETC. | |
| Summary, etc. | Harriet Tubman was born into slavery. For many years she was beaten and treated like an animal. But then Harriet began having strange dreams and visions. She saw a star, hidden pathways, and a line that separated slavery from freedom. One day, Harriet would find out just what these dreams meant. Harriet stood barely five feet tall and was unable to read or write. But she outsmarted slave catchers, outran bloodhounds, and gave hope to millions of slaves. From Maryland to Mississippi, slaves knew Harriet as 'Moses' - the deliverer who would lead her people out of slavery.<br/> |
| 521 8# - TARGET AUDIENCE NOTE | |
| Target audience note | 840<br/> |
| Source | Lexile<br/> |
| 521 8# - TARGET AUDIENCE NOTE | |
| Target audience note | M<br/> |
| Source | Raz-Plus<br/> |
| 700 ## - ADDED ENTRY--PERSONAL NAME | |
| Personal name | Tanya Savory |
| 942 ## - ADDED ENTRY ELEMENTS (KOHA) | |
| Source of classification or shelving scheme | Dewey Decimal Classification |
| Koha item type | Books |
| Suppress in OPAC | No |
| Withdrawn status | Lost status | Source of classification or shelving scheme | Damaged status | Not for loan | Collection | Home library | Current library | Shelving location | Date acquired | Total Checkouts | Full call number | Barcode | Date last seen | Copy number | Price effective from | Koha item type |
|---|---|---|---|---|---|---|---|---|---|---|---|---|---|---|---|---|
| Dewey Decimal Classification | Non-Fiction | Footprints International School Library Network Toul Kork Campus | Footprints International School Library Network Toul Kork Campus | TTP Secondary Non-Fiction Bookshelves | 05/27/2024 | SAV E444.T82 920 | 2024-0718 | 05/27/2024 | 1 | 05/27/2024 | Books |
